000 00590nam a2200229Ia 4500
003 OSt
005 20220928111220.0
006 a|||||r|||| 00| 0
007 ta
008 220927b |||||||| |||| 00| 0 eng d
024 _a28762
037 _cTextual
040 _aSDCL
_cSDCL
_beng
041 _2eng
_aeng
082 _aO15,2F51,1, 152J0
100 _aSubhatta
_9422719
245 0 _aDutagund.
260 _aBanaras
_bJaykrishna Das Haridas Gupt
_c1950
300 _a68p
_ccm.
942 _hO15,2F51,1, 152J0
_cTEXL
_2CC
999 _c739118
_d739118